00575nam a22001817a 450000500170000001000150001702000230003202000260005503500130008103700130009408200100010710000230011724501190014025000110025926000450027027000490031530000290036420150721144455.0 aENG-113301 c450.00a8173815186 c450.00a9788173815188 aEN-96833 bDBAD/PUB a338.5 aMukherjee, Sampat  aAnalytical microeconomics : cby Sampat Mukherjeebexchange production and welfare Alfred Marshall to John Nash /  a3rd ed aKolkata bNew Central Book Agency c2015 a8/1, Chintamoni Das Lane, bKolkata e700009 axiii,980,70p.c25cm(pbk)